[Event "Blitz Open"]
[Site "?"]
[Date "2018.08.03"]
[Round "7.5"]
[White "Jumabayev, Rinat"]
[Black "Lu, Shanglei"]
[Result "0-1"]
[BlackElo "2635"]
[WhiteElo "2528"]
[LiveChessVersion "1.4.8"]

1. d4 {[%clk 0:03:04]} d6 {[%clk 0:03:02]} 2. e4 {[%clk 0:03:03]} Nf6
{[%clk 0:03:03]} 3. Nc3 {[%clk 0:03:05]} g6 {[%clk 0:03:04]} 4. Bf4
{[%clk 0:03:05]} Bg7 {[%clk 0:03:05]} 5. Qd2 {[%clk 0:03:07]} a6 {[%clk 0:02:59]}
6. Bh6 {[%clk 0:03:05]} O-O {[%clk 0:02:54]} 7. h4 {[%clk 0:03:05]} e5
{[%clk 0:02:53]} 8. Nf3 {[%clk 0:02:49]} Nc6 {[%clk 0:02:41]} 9. Bxg7
{[%clk 0:01:59]} Kxg7 {[%clk 0:02:42]} 10. O-O-O {[%clk 0:02:00]} Bg4
{[%clk 0:02:30]} 11. dxe5 {[%clk 0:01:54]} dxe5 {[%clk 0:02:31]} 12. Qg5
{[%clk 0:01:35]} Qe7 {[%clk 0:02:32]} 13. h5 {[%clk 0:01:21]} h6 {[%clk 0:02:28]}
14. Qe3 {[%clk 0:01:22]} g5 {[%clk 0:00:58]} 15. Nd5 Nxd5 {[%clk 0:00:59]} 16.
exd5 {[%clk 0:01:12]} Nd8 {[%clk 0:01:00]} 17. Re1 {[%clk 0:01:02]} f6
{[%clk 0:00:48]} 18. Bd3 {[%clk 0:00:56]} Nf7 {[%clk 0:00:50]} 19. Nd4
{[%clk 0:00:55]} Nd6 {[%clk 0:00:43]} 20. f3 {[%clk 0:00:56]} Bd7
{[%clk 0:00:44]} 21. g4 {[%clk 0:00:35]} Qf7 {[%clk 0:00:45]} 22. Ne6+
{[%clk 0:00:12]} Bxe6 {[%clk 0:00:46]} 23. dxe6 Qxe6 {[%clk 0:00:47]} 24. Kb1
{[%clk 0:00:14]} Rad8 {[%clk 0:00:44]} 25. Rh2 {[%clk 0:00:14]} Qd5
{[%clk 0:00:44]} 26. Rhe2 {[%clk 0:00:12]} Nc4 {[%clk 0:00:39]} 27. Qf2
{[%clk 0:00:04]} Rf7 {[%clk 0:00:30]} 28. b3 {[%clk 0:00:03]} Na3+
{[%clk 0:00:30]} 29. Kb2 {[%clk 0:00:04]} Nb5 {[%clk 0:00:25]} 30. Bc4
{[%clk 0:00:05]} Qc6 {[%clk 0:00:27]} 31. Qe3 {[%clk 0:00:05]} Rfd7
{[%clk 0:00:26]} 32. a4 Nd4 {[%clk 0:00:23]} 33. Rd2 {[%clk 0:00:06]} Nxf3
{[%clk 0:00:18]} 34. Rxd7+ {[%clk 0:00:07]} Rxd7 {[%clk 0:00:20]} 35. Rf1
{[%clk 0:00:08]} Nd2 {[%clk 0:00:20]} 36. Rf2 {[%clk 0:00:03]} Nxc4+
{[%clk 0:00:20]} 37. bxc4 {[%clk 0:00:05]} Qxc4 38. Qf3 {[%clk 0:00:03]} Qb4+ 39.
Ka2 Qxa4+ {[%clk 0:00:20]} 40. Kb2 {[%clk 0:00:04]} Qb5+ {[%clk 0:00:18]} 41. Ka2
{[%clk 0:00:05]} Qd5+ 0-1

[Event "Blitz Open"]
[Site "?"]
[Date "2018.08.03"]
[Round "7.6"]
[White "Wen, Yang"]
[Black "Kazhgaleyev, Murtas"]
[Result "1-0"]
[BlackElo "2583"]
[WhiteElo "2567"]
[LiveChessVersion "1.4.8"]

1. e4 {[%clk 0:03:03]} e5 {[%clk 0:03:02]} 2. Nf3 {[%clk 0:03:04]} d6
{[%clk 0:03:03]} 3. d4 {[%clk 0:03:05]} exd4 4. Nxd4 {[%clk 0:03:06]} Nf6
{[%clk 0:03:06]} 5. Nc3 {[%clk 0:03:07]} Be7 {[%clk 0:03:07]} 6. g3
{[%clk 0:03:08]} Nc6 {[%clk 0:03:04]} 7. Bg2 {[%clk 0:03:08]} O-O
{[%clk 0:03:04]} 8. O-O {[%clk 0:03:04]} Bg4 {[%clk 0:03:02]} 9. Nxc6
{[%clk 0:03:04]} bxc6 {[%clk 0:03:02]} 10. Qd3 {[%clk 0:03:05]} Nd7
{[%clk 0:02:53]} 11. b3 {[%clk 0:03:02]} Bf6 {[%clk 0:02:49]} 12. Bb2
{[%clk 0:02:53]} Re8 {[%clk 0:02:47]} 13. f3 {[%clk 0:02:42]} Ne5
{[%clk 0:02:38]} 14. Qd2 {[%clk 0:02:43]} Bd7 {[%clk 0:02:38]} 15. Rae1
{[%clk 0:02:35]} Rb8 {[%clk 0:02:28]} 16. Ba1 {[%clk 0:02:36]} Ng6
{[%clk 0:02:26]} 17. f4 {[%clk 0:02:37]} Qc8 {[%clk 0:02:18]} 18. e5
{[%clk 0:02:21]} dxe5 {[%clk 0:02:18]} 19. Ne4 {[%clk 0:02:22]} Be7
{[%clk 0:02:11]} 20. fxe5 {[%clk 0:02:14]} Bb4 {[%clk 0:02:05]} 21. Qf2
{[%clk 0:02:02]} Be6 {[%clk 0:02:06]} 22. Re2 {[%clk 0:01:52]} h6
{[%clk 0:01:56]} 23. h4 {[%clk 0:01:44]} Qa6 {[%clk 0:01:36]} 24. c4
{[%clk 0:01:43]} Qa5 {[%clk 0:01:23]} 25. Kh1 {[%clk 0:01:16]} Bf8
{[%clk 0:01:15]} 26. Bc3 {[%clk 0:01:12]} Qb6 {[%clk 0:01:09]} 27. Bd4
{[%clk 0:01:13]} Qa5 {[%clk 0:01:11]} 28. Nc5 {[%clk 0:00:58]} Bxc5 29. Bxc5
{[%clk 0:00:59]} Rbd8 {[%clk 0:00:57]} 30. Bxc6 {[%clk 0:00:56]} Qa6
{[%clk 0:00:37]} 31. Bxe8 Rxe8 {[%clk 0:00:38]} 32. Kh2 {[%clk 0:00:50]} Qc6
{[%clk 0:00:38]} 33. Bxa7 {[%clk 0:00:43]} Kh8 {[%clk 0:00:32]} 34. Bd4
{[%clk 0:00:41]} Rd8 {[%clk 0:00:31]} 35. Rd2 {[%clk 0:00:40]} Ne7
{[%clk 0:00:26]} 36. Be3 {[%clk 0:00:35]} Ra8 {[%clk 0:00:26]} 37. Qf3
{[%clk 0:00:35]} Qa6 {[%clk 0:00:26]} 38. Bc5 {[%clk 0:00:34]} Ng6
{[%clk 0:00:26]} 39. Re1 {[%clk 0:00:33]} Qa5 {[%clk 0:00:25]} 40. Bb4
{[%clk 0:00:28]} Qa6 {[%clk 0:00:17]} 41. h5 {[%clk 0:00:29]} Nf8
{[%clk 0:00:17]} 42. Bxf8 {[%clk 0:00:29]} Rxf8 {[%clk 0:00:18]} 43. a4
{[%clk 0:00:29]} Rb8 {[%clk 0:00:14]} 44. Re3 {[%clk 0:00:28]} Qa5
{[%clk 0:00:15]} 45. Qf2 {[%clk 0:00:24]} Qc5 {[%clk 0:00:13]} 46. Qf4
{[%clk 0:00:20]} Qb4 {[%clk 0:00:12]} 47. Red3 {[%clk 0:00:19]} Rg8
{[%clk 0:00:10]} 48. Qe4 {[%clk 0:00:16]} Qb8 {[%clk 0:00:05]} 49. a5
{[%clk 0:00:16]} c6 {[%clk 0:00:06]} 50. a6 {[%clk 0:00:12]} Qa8 {[%clk 0:00:06]}
51. Rd6 {[%clk 0:00:09]} Qxa6 {[%clk 0:00:07]} 52. Rd8 {[%clk 0:00:09]} Qb6
{[%clk 0:00:08]} 53. Rxg8+ {[%clk 0:00:09]} Kxg8 {[%clk 0:00:09]} 54. Qd3
{[%clk 0:00:08]} Qc5 {[%clk 0:00:07]} 55. Qd4 {[%clk 0:00:08]} Qb4
{[%clk 0:00:07]} 56. Qd8+ {[%clk 0:00:09]} Kh7 {[%clk 0:00:08]} 57. Qd3+
{[%clk 0:00:09]} Kg8 {[%clk 0:00:10]} 58. Ra2 {[%clk 0:00:10]} g5
{[%clk 0:00:07]} 59. hxg6 {[%clk 0:00:10]} Qe1 {[%clk 0:00:06]} 60. gxf7+ Bxf7
{[%clk 0:00:07]} 61. Qf3 {[%clk 0:00:10]} Qxe5 {[%clk 0:00:07]} 62. Rf2
{[%clk 0:00:11]} Bg6 {[%clk 0:00:07]} 63. Qf6 {[%clk 0:00:10]} Qh5+
{[%clk 0:00:08]} 64. Qh4 {[%clk 0:00:11]} Qc5 {[%clk 0:00:07]} 65. Qd8+
{[%clk 0:00:12]} Kg7 {[%clk 0:00:06]} 66. Qd7+ {[%clk 0:00:12]} Kg8
{[%clk 0:00:08]} 67. Qe6+ {[%clk 0:00:13]} Kg7 {[%clk 0:00:09]} 68. Qf6+
{[%clk 0:00:14]} Kh7 {[%clk 0:00:10]} 69. g4 {[%clk 0:00:09]} Qe3
{[%clk 0:00:11]} 70. Qf3 {[%clk 0:00:08]} Qe5+ {[%clk 0:00:12]} 71. Qg3
{[%clk 0:00:10]} Qd4 {[%clk 0:00:12]} 72. Qc7+ {[%clk 0:00:10]} Kg8
{[%clk 0:00:12]} 73. Qb8+ {[%clk 0:00:09]} Kh7 {[%clk 0:00:12]} 74. Qc7+
{[%clk 0:00:10]} Kg8 {[%clk 0:00:14]} 75. Qf4 {[%clk 0:00:11]} Qc5
{[%clk 0:00:13]} 76. Qf6 {[%clk 0:00:08]} Kh7 {[%clk 0:00:14]} 77. Re2
{[%clk 0:00:08]} h5 {[%clk 0:00:07]} 78. Re7+ {[%clk 0:00:08]} Kh6
{[%clk 0:00:09]} 79. g5+ Qxg5 {[%clk 0:00:10]} 80. Qg7# {[%clk 0:00:10]} 1-0

[Event "Blitz Open"]
[Site "?"]
[Date "2018.08.03"]
[Round "7.7"]
[White "Makhnev, Denis"]
[Black "Bai, Jinshi"]
[Result "1/2-1/2"]
[BlackElo "2502"]
[WhiteElo "2492"]
[LiveChessVersion "1.4.8"]

1. Nf3 {[%clk 0:03:02]} Nf6 {[%clk 0:03:03]} 2. d4 {[%clk 0:03:03]} g6
{[%clk 0:03:04]} 3. Bf4 {[%clk 0:03:05]} d6 {[%clk 0:03:05]} 4. e3
{[%clk 0:03:06]} Bg7 {[%clk 0:03:05]} 5. h3 {[%clk 0:03:06]} O-O {[%clk 0:03:05]}
6. Be2 {[%clk 0:03:07]} c5 {[%clk 0:03:05]} 7. c3 {[%clk 0:03:08]} Qb6
{[%clk 0:03:06]} 8. Qc1 {[%clk 0:03:03]} Nc6 {[%clk 0:03:03]} 9. O-O
{[%clk 0:03:03]} cxd4 {[%clk 0:02:53]} 10. exd4 {[%clk 0:03:03]} Nd5
{[%clk 0:02:46]} 11. Bd2 {[%clk 0:03:03]} e5 {[%clk 0:02:47]} 12. dxe5
{[%clk 0:02:45]} dxe5 {[%clk 0:02:48]} 13. Na3 {[%clk 0:02:46]} e4
{[%clk 0:02:36]} 14. Ng5 {[%clk 0:02:14]} f5 {[%clk 0:02:16]} 15. h4 Qc7
{[%clk 0:02:00]} 16. Bc4 {[%clk 0:01:53]} Nce7 {[%clk 0:02:00]} 17. f3
{[%clk 0:01:53]} b5 {[%clk 0:01:26]} 18. Bb3 {[%clk 0:01:53]} h6 {[%clk 0:01:12]}
19. fxe4 {[%clk 0:01:53]} fxe4 {[%clk 0:01:03]} 20. Rxf8+ Bxf8 {[%clk 0:01:05]}
21. Nxe4 {[%clk 0:01:53]} Kh7 {[%clk 0:01:05]} 22. Qf1 {[%clk 0:01:48]} Bf5
{[%clk 0:01:06]} 23. Re1 {[%clk 0:01:48]} Bg7 {[%clk 0:01:00]} 24. Nxb5
{[%clk 0:01:46]} Qb6+ {[%clk 0:00:58]} 25. Nd4 {[%clk 0:01:46]} Rf8 26. Qd3
{[%clk 0:01:37]} Rd8 {[%clk 0:00:41]} 27. Kh1 Nc7 {[%clk 0:00:37]} 28. Qg3
{[%clk 0:01:31]} Nb5 29. Nxb5 {[%clk 0:01:06]} Qxb5 {[%clk 0:00:31]} 30. Nd6
{[%clk 0:01:07]} Qd7 {[%clk 0:00:27]} 31. Bf4 Bf8 32. h5 {[%clk 0:00:59]} g5
{[%clk 0:00:22]} 33. Be5 {[%clk 0:00:58]} Nc6 {[%clk 0:00:20]} 34. Nxf5
{[%clk 0:00:40]} Qxf5 {[%clk 0:00:21]} 35. Bc7 {[%clk 0:00:41]} Rd3
{[%clk 0:00:16]} 36. Bc2 {[%clk 0:00:39]} 1/2-1/2

[Event "Blitz Open"]
[Site "?"]
[Date "2018.08.03"]
[Round "7.8"]
[White "Xu, Xiangyu"]
[Black "Kostenko, Petr"]
[Result "1/2-1/2"]
[BlackElo "2422"]
[WhiteElo "2448"]
[LiveChessVersion "1.4.8"]

1. d4 {[%clk 0:03:02]} d5 {[%clk 0:03:03]} 2. c4 {[%clk 0:03:03]} dxc4
{[%clk 0:03:04]} 3. e3 {[%clk 0:03:04]} e5 {[%clk 0:03:03]} 4. Bxc4
{[%clk 0:03:03]} exd4 {[%clk 0:03:01]} 5. exd4 {[%clk 0:03:04]} Nf6
{[%clk 0:03:02]} 6. Nf3 {[%clk 0:03:04]} Bd6 {[%clk 0:02:59]} 7. Qe2+
{[%clk 0:03:05]} Qe7 {[%clk 0:02:59]} 8. Qxe7+ Bxe7 {[%clk 0:03:00]} 9. O-O
{[%clk 0:03:06]} O-O {[%clk 0:03:01]} 10. Re1 {[%clk 0:03:07]} Bd6
{[%clk 0:03:02]} 11. Nc3 {[%clk 0:03:08]} a6 {[%clk 0:03:02]} 12. Bg5
{[%clk 0:03:09]} Nbd7 {[%clk 0:03:03]} 13. a4 {[%clk 0:03:10]} h6
{[%clk 0:03:03]} 14. Bh4 {[%clk 0:03:11]} Bb4 {[%clk 0:03:00]} 15. Bb3
{[%clk 0:03:09]} b6 {[%clk 0:02:03]} 16. Ne5 {[%clk 0:03:01]} Nxe5
{[%clk 0:01:54]} 17. dxe5 {[%clk 0:03:01]} Nh5 {[%clk 0:01:55]} 18. Re3
{[%clk 0:02:47]} g5 {[%clk 0:01:42]} 19. Bg3 Bxc3 {[%clk 0:01:41]} 20. Rxc3
{[%clk 0:02:48]} c5 {[%clk 0:01:16]} 21. a5 {[%clk 0:02:48]} Nxg3
{[%clk 0:01:18]} 22. hxg3 {[%clk 0:02:49]} Rb8 {[%clk 0:01:19]} 23. axb6
{[%clk 0:02:39]} Rxb6 {[%clk 0:01:20]} 24. Ra5 {[%clk 0:02:40]} Be6
{[%clk 0:01:19]} 25. Bxe6 {[%clk 0:02:12]} fxe6 {[%clk 0:01:19]} 26. b3
{[%clk 0:02:13]} Rc8 {[%clk 0:00:55]} 27. Raxc5 {[%clk 0:01:57]} Rxc5
{[%clk 0:00:56]} 28. Rxc5 {[%clk 0:01:58]} Rxb3 {[%clk 0:00:57]} 29. Rc6
{[%clk 0:01:59]} Kf7 {[%clk 0:00:56]} 30. Rxa6 {[%clk 0:02:00]} Rb5
{[%clk 0:00:49]} 31. f4 {[%clk 0:02:01]} Rb4 {[%clk 0:00:50]} 32. f5
{[%clk 0:01:55]} exf5 {[%clk 0:00:48]} 33. Rxh6 {[%clk 0:01:55]} Kg7
{[%clk 0:00:44]} 34. Rf6 {[%clk 0:01:56]} f4 {[%clk 0:00:44]} 35. Rf5
{[%clk 0:00:57]} Kg6 {[%clk 0:00:45]} 36. g4 {[%clk 0:00:58]} Re4
{[%clk 0:00:45]} 37. Kf1 {[%clk 0:00:55]} Kh6 {[%clk 0:00:44]} 38. Kf2
{[%clk 0:00:53]} Kg6 {[%clk 0:00:45]} 39. Rf6+ {[%clk 0:00:22]} Kg7
{[%clk 0:00:46]} 40. Rf5 {[%clk 0:00:23]} Kg6 {[%clk 0:00:47]} 41. Rf6+
{[%clk 0:00:22]} Kg7 {[%clk 0:00:49]} 42. Rf5 {[%clk 0:00:23]} Kg6
{[%clk 0:00:50]} 43. g3 {[%clk 0:00:22]} fxg3+ {[%clk 0:00:45]} 44. Kxg3
{[%clk 0:00:23]} Ra4 {[%clk 0:00:39]} 45. Rf6+ {[%clk 0:00:20]} Kg7
{[%clk 0:00:41]} 46. Re6 {[%clk 0:00:20]} Ra3+ {[%clk 0:00:38]} 47. Kf2
{[%clk 0:00:21]} Ra4 {[%clk 0:00:40]} 48. Kf3 {[%clk 0:00:23]} Rf4+
{[%clk 0:00:41]} 49. Kg3 {[%clk 0:00:24]} Ra4 {[%clk 0:00:41]} 50. Rc6
{[%clk 0:00:24]} Re4 {[%clk 0:00:41]} 51. Rc5 {[%clk 0:00:23]} Kg6
{[%clk 0:00:40]} 52. Kf3 {[%clk 0:00:24]} Rf4+ {[%clk 0:00:41]} 53. Kg3
{[%clk 0:00:25]} Re4 {[%clk 0:00:43]} 54. Rc6+ {[%clk 0:00:25]} Kg7
{[%clk 0:00:44]} 55. Rc7+ {[%clk 0:00:18]} Kg6 {[%clk 0:00:46]} 56. Re7
{[%clk 0:00:19]} Ra4 {[%clk 0:00:45]} 57. Re8 {[%clk 0:00:19]} Kf7
{[%clk 0:00:44]} 58. Rh8 {[%clk 0:00:20]} Ke6 {[%clk 0:00:42]} 59. Rg8
{[%clk 0:00:19]} Ra3+ {[%clk 0:00:43]} 60. Kf2 {[%clk 0:00:20]} Kxe5
{[%clk 0:00:44]} 61. Rf8 {[%clk 0:00:21]} Ke4 {[%clk 0:00:45]} 62. Rf5
{[%clk 0:00:21]} Rb3 {[%clk 0:00:45]} 63. Kg2 {[%clk 0:00:21]} Ra3
{[%clk 0:00:46]} 1/2-1/2

[Event "Blitz Open"]
[Site "?"]
[Date "2018.08.03"]
[Round "7.9"]
[White "Ghaem Maghami, Ehsan"]
[Black "Nguyen, Ngoc Truong Son"]
[Result "1/2-1/2"]
[BlackElo "2630"]
[WhiteElo "2593"]
[LiveChessVersion "1.4.8"]

1. c4 {[%clk 0:03:02]} c6 {[%clk 0:03:02]} 2. e4 {[%clk 0:03:04]} d5
{[%clk 0:03:03]} 3. exd5 {[%clk 0:03:05]} cxd5 {[%clk 0:03:04]} 4. d4
{[%clk 0:03:07]} Nf6 {[%clk 0:03:05]} 5. Nc3 {[%clk 0:03:08]} Nc6
{[%clk 0:03:06]} 6. Bg5 {[%clk 0:03:09]} dxc4 {[%clk 0:03:02]} 7. Bxc4
{[%clk 0:03:00]} h6 {[%clk 0:03:02]} 8. Be3 {[%clk 0:03:00]} e6 {[%clk 0:03:01]}
9. Nf3 {[%clk 0:03:01]} Be7 {[%clk 0:02:58]} 10. O-O {[%clk 0:03:01]} O-O
{[%clk 0:02:56]} 11. a3 {[%clk 0:03:03]} b6 {[%clk 0:02:16]} 12. Qe2
{[%clk 0:02:51]} Bb7 {[%clk 0:02:12]} 13. Rad1 {[%clk 0:02:52]} Nd5
{[%clk 0:02:10]} 14. Nxd5 {[%clk 0:02:49]} exd5 {[%clk 0:02:11]} 15. Bd3
{[%clk 0:02:50]} Bf6 {[%clk 0:02:08]} 16. Bb1 {[%clk 0:02:51]} Re8
{[%clk 0:01:07]} 17. Qd3 {[%clk 0:02:51]} g6 {[%clk 0:00:58]} 18. Bxh6
{[%clk 0:02:52]} Bc8 {[%clk 0:00:54]} 19. Qc3 {[%clk 0:02:28]} Qd6
{[%clk 0:00:51]} 20. h3 {[%clk 0:02:28]} Ba6 {[%clk 0:00:49]} 21. Rfe1
{[%clk 0:02:28]} Be2 {[%clk 0:00:47]} 22. Rc1 {[%clk 0:02:23]} Bxf3
{[%clk 0:00:46]} 23. Qxf3 {[%clk 0:02:08]} Nxd4 {[%clk 0:00:46]} 24. Qg4
{[%clk 0:02:05]} Bh8 {[%clk 0:00:27]} 25. Rcd1 {[%clk 0:01:55]} Rxe1+
{[%clk 0:00:18]} 26. Rxe1 {[%clk 0:01:56]} Nc6 {[%clk 0:00:16]} 27. b4
{[%clk 0:01:39]} Ne5 {[%clk 0:00:16]} 28. Qg3 {[%clk 0:01:39]} Qf6
{[%clk 0:00:07]} 29. Bg5 {[%clk 0:01:28]} Qg7 {[%clk 0:00:08]} 30. Rd1
{[%clk 0:01:19]} d4 {[%clk 0:00:08]} 31. Qb3 {[%clk 0:00:56]} Re8
{[%clk 0:00:08]} 32. Qd5 {[%clk 0:00:57]} d3 {[%clk 0:00:05]} 33. Ba2
{[%clk 0:00:54]} Qf8 {[%clk 0:00:03]} 34. f4 {[%clk 0:00:50]} b5 {[%clk 0:00:04]}
35. fxe5 {[%clk 0:00:33]} Rxe5 {[%clk 0:00:05]} 36. Qd8 {[%clk 0:00:30]} Qxd8
{[%clk 0:00:05]} 37. Bxd8 {[%clk 0:00:31]} Re2 {[%clk 0:00:06]} 38. Bd5
{[%clk 0:00:18]} Bd4+ {[%clk 0:00:07]} 39. Kh1 {[%clk 0:00:13]} d2
{[%clk 0:00:08]} 40. Bf3 {[%clk 0:00:15]} Re1+ {[%clk 0:00:09]} 41. Kh2
{[%clk 0:00:16]} Be5+ {[%clk 0:00:07]} 42. g3 {[%clk 0:00:16]} Bc3
{[%clk 0:00:03]} 43. Kg2 {[%clk 0:00:10]} f6 {[%clk 0:00:03]} 44. Bc7
{[%clk 0:00:08]} Kf7 {[%clk 0:00:03]} 45. h4 {[%clk 0:00:05]} f5 {[%clk 0:00:04]}
46. Bf4 {[%clk 0:00:06]} Ke6 {[%clk 0:00:05]} 47. Kf2 {[%clk 0:00:04]} Bd4+
{[%clk 0:00:05]} 48. Kg2 Bc3 49. Kf2 {[%clk 0:00:07]} Bd4+ {[%clk 0:00:08]} 50.
Kg2 {[%clk 0:00:09]} Bc3 {[%clk 0:00:10]} 51. Kf2 {[%clk 0:00:05]} Bd4+ 52. Kg2
Bc3 {[%clk 0:00:13]} 53. h5 {[%clk 0:00:07]} gxh5 {[%clk 0:00:14]} 54. Bxh5
{[%clk 0:00:08]} Kd5 {[%clk 0:00:12]} 55. Rxd2+ Bxd2 {[%clk 0:00:13]} 56. Bxd2
{[%clk 0:00:09]} Ra1 {[%clk 0:00:13]} 57. Kf2 {[%clk 0:00:09]} Rxa3
{[%clk 0:00:13]} 58. Be2 {[%clk 0:00:08]} a6 {[%clk 0:00:12]} 59. Be1
{[%clk 0:00:08]} Ke4 {[%clk 0:00:12]} 60. Bd2 {[%clk 0:00:08]} Ra2
{[%clk 0:00:11]} 61. Ke1 {[%clk 0:00:10]} Ra1+ {[%clk 0:00:11]} 62. Kf2
{[%clk 0:00:11]} Ra2 {[%clk 0:00:12]} 63. Ke1 {[%clk 0:00:10]} Ra1+
{[%clk 0:00:14]} 64. Kf2 {[%clk 0:00:12]} Ra2 {[%clk 0:00:14]} 1/2-1/2

[Event "Blitz Open"]
[Site "?"]
[Date "2018.08.03"]
[Round "7.10"]
[White "Tran, Tuan Minh"]
[Black "Mousavi, Seyed Khalil"]
[Result "1-0"]
[BlackElo "2517"]
[WhiteElo "2484"]
[LiveChessVersion "1.4.8"]

1. Nf3 {[%clk 0:03:02]} Nf6 {[%clk 0:03:01]} 2. b3 {[%clk 0:03:04]} d6
{[%clk 0:03:02]} 3. d4 {[%clk 0:03:04]} g6 {[%clk 0:03:02]} 4. Bb2
{[%clk 0:03:06]} Bg7 5. g3 O-O {[%clk 0:03:04]} 6. Bg2 {[%clk 0:03:09]} Nbd7
{[%clk 0:03:01]} 7. O-O {[%clk 0:03:10]} c6 {[%clk 0:03:02]} 8. a4
{[%clk 0:03:09]} Qc7 {[%clk 0:03:03]} 9. a5 {[%clk 0:03:09]} e5 {[%clk 0:03:04]}
10. a6 {[%clk 0:03:04]} bxa6 {[%clk 0:03:01]} 11. dxe5 {[%clk 0:03:03]} dxe5
{[%clk 0:03:02]} 12. Nc3 {[%clk 0:03:00]} Bb7 {[%clk 0:02:50]} 13. Nd2
{[%clk 0:02:54]} c5 {[%clk 0:02:45]} 14. Bxb7 {[%clk 0:02:51]} Qxb7
{[%clk 0:02:47]} 15. Nc4 {[%clk 0:02:52]} Rad8 {[%clk 0:02:42]} 16. Qd6
{[%clk 0:02:44]} Nb6 {[%clk 0:02:36]} 17. Qxc5 {[%clk 0:02:44]} Rc8
{[%clk 0:02:37]} 18. Nd6 {[%clk 0:02:09]} Rxc5 {[%clk 0:02:37]} 19. Nxb7
{[%clk 0:02:09]} Rc7 {[%clk 0:02:38]} 20. Nd6 {[%clk 0:02:05]} Rd8
{[%clk 0:02:33]} 21. Rfd1 {[%clk 0:01:55]} Rcd7 {[%clk 0:02:16]} 22. Nb7
{[%clk 0:01:41]} Rxd1+ {[%clk 0:02:08]} 23. Rxd1 {[%clk 0:01:41]} Rc8
{[%clk 0:02:02]} 24. Rd8+ {[%clk 0:01:22]} Rxd8 25. Nxd8 {[%clk 0:01:23]} e4
{[%clk 0:01:42]} 26. Nc6 {[%clk 0:01:15]} e3 {[%clk 0:01:34]} 27. fxe3
{[%clk 0:01:10]} Ng4 {[%clk 0:01:35]} 28. Nd1 {[%clk 0:01:02]} Bxb2
{[%clk 0:01:18]} 29. Nxb2 {[%clk 0:01:03]} Nxe3 {[%clk 0:01:17]} 30. c4
{[%clk 0:01:05]} Nc8 {[%clk 0:01:15]} 31. Nd3 {[%clk 0:00:55]} Nc2
{[%clk 0:01:10]} 32. Nc5 {[%clk 0:00:55]} Kf8 {[%clk 0:01:06]} 33. Nxa6
{[%clk 0:00:55]} Ke8 {[%clk 0:01:08]} 34. Nc5 {[%clk 0:00:54]} Ne3
{[%clk 0:00:59]} 35. Kf2 {[%clk 0:00:52]} Ng4+ {[%clk 0:01:00]} 36. Kg2
{[%clk 0:00:53]} h5 {[%clk 0:00:58]} 37. h3 {[%clk 0:00:53]} Nf6 {[%clk 0:00:53]}
38. Kf3 {[%clk 0:00:54]} Nd7 {[%clk 0:00:49]} 39. Na6 {[%clk 0:00:51]} Nf6
{[%clk 0:00:42]} 40. Nc5 {[%clk 0:00:51]} Nd7 {[%clk 0:00:43]} 41. Ne4
{[%clk 0:00:38]} f5 {[%clk 0:00:39]} 42. Nc3 {[%clk 0:00:39]} Nd6
{[%clk 0:00:33]} 43. Nxa7 {[%clk 0:00:35]} Nc5 {[%clk 0:00:28]} 44. b4
{[%clk 0:00:30]} Ne6 {[%clk 0:00:23]} 45. c5 {[%clk 0:00:29]} Nc4
{[%clk 0:00:23]} 46. e3 {[%clk 0:00:19]} g5 {[%clk 0:00:24]} 47. Nd5
{[%clk 0:00:20]} g4+ {[%clk 0:00:20]} 48. hxg4 {[%clk 0:00:21]} fxg4+
{[%clk 0:00:21]} 49. Kf2 {[%clk 0:00:17]} Kd8 {[%clk 0:00:20]} 50. Nc6+
{[%clk 0:00:18]} Kd7 {[%clk 0:00:21]} 51. Nd4 {[%clk 0:00:19]} Ng5
{[%clk 0:00:20]} 52. Nf6+ {[%clk 0:00:16]} Ke7 {[%clk 0:00:21]} 53. Nxh5
{[%clk 0:00:17]} Ne4+ {[%clk 0:00:22]} 54. Ke2 {[%clk 0:00:18]} Ne5
{[%clk 0:00:21]} 55. c6 {[%clk 0:00:16]} Kd6 {[%clk 0:00:20]} 56. b5
{[%clk 0:00:17]} Kc7 {[%clk 0:00:16]} 57. Kf1 {[%clk 0:00:13]} Kb6
{[%clk 0:00:12]} 58. Ke2 {[%clk 0:00:12]} Kc7 {[%clk 0:00:08]} 59. Ke1
{[%clk 0:00:13]} Kb6 {[%clk 0:00:10]} 60. Ke2 {[%clk 0:00:13]} Nd6
{[%clk 0:00:10]} 61. Nf6 {[%clk 0:00:11]} Nxb5 {[%clk 0:00:05]} 62. Nxb5
{[%clk 0:00:11]} Kxc6 {[%clk 0:00:04]} 63. Nd4+ {[%clk 0:00:12]} Kd6
{[%clk 0:00:05]} 64. Ne4+ {[%clk 0:00:13]} Kd5 {[%clk 0:00:07]} 65. Nf6+
{[%clk 0:00:13]} Kd6 {[%clk 0:00:07]} 66. Ne4+ {[%clk 0:00:14]} Ke7
{[%clk 0:00:08]} 67. Nf2 {[%clk 0:00:15]} Kf6 {[%clk 0:00:08]} 68. Ne4+
{[%clk 0:00:14]} Kg6 {[%clk 0:00:09]} 69. Nc2 {[%clk 0:00:13]} Kf5
{[%clk 0:00:09]} 70. Nf2 {[%clk 0:00:14]} Kg5 {[%clk 0:00:07]} 71. Nd4
{[%clk 0:00:14]} Nf7 {[%clk 0:00:06]} 72. Ne4+ {[%clk 0:00:15]} Kg6
{[%clk 0:00:07]} 73. Nc5 {[%clk 0:00:14]} Ne5 {[%clk 0:00:08]} 74. Nd3
{[%clk 0:00:14]} Nc4 {[%clk 0:00:08]} 75. e4 {[%clk 0:00:14]} Kf6
{[%clk 0:00:09]} 76. e5+ {[%clk 0:00:13]} 1-0